Stories of Indian Gods and Heroes/ (Record no. 189033)

MARC details
000 -LEADER
fixed length control field 00547nam a2200181 4500
005 - DATE AND TIME OF LATEST TRANSACTION
control field 20220609164125.0
010 ## - LCCN (DPL NO)
LC control number ENG-133203
020 ## - INTERNATIONAL STANDARD BOOK NUMBER
International Standard Book Number 9788170494072
Terms of availability 795.00
035 ## - SYSTEM CONTROL NUMBER
System control number EN-116735
037 ## - SOURCE OF ACQUISITION
Source of stock number/acquisition DBAD/PUB
082 ## - DEWEY DECIMAL CLASSIFICATION NUMBER
Classification number S
100 ## - MAIN ENTRY--PERSONAL NAME
Personal name Monro, WD
245 ## - TITLE STATEMENT
Title Stories of Indian Gods and Heroes/
Statement of responsibility, etc WD Monro
260 ## - PUBLICATION, DISTRIBUTION, ETC. (IMPRINT)
Place of publication, distribution, etc New Delhi
Name of publisher, distributor, etc Manas Publications
Date of publication, distribution, etc 2011
270 ## - ADDRESS
Address 4402/5-A, Ansari Road (Opp. HDFC Bank) Darya Ganj
City New Delhi
Postal code 110002
Electronic mail address manaspublications@vsnl.com
300 ## - PHYSICAL DESCRIPTION
Extent 253p.
Other physical details Index
Dimensions 23cm(pbk)
942 ## - ADDED ENTRY ELEMENTS (KOHA)
Source of classification or shelving scheme Dewey Decimal Classification
Item type English Books
Classification part S
Call number suffix MON
Holdings
Withdrawn status Lost status Not for loan Collection code Home library Current library Date acquired Source of acquisition Cost, normal purchase price Full call number Barcode Copy number Cost, replacement price Koha item type
      Non-fiction Bawana Bawana 09/06/2022 DBAD/PUB 795.00 S MON EN-116735 1 795.00 English Books

© Delhi Public Library
Hit Counter
free hit counter